Scritti minori.
সংরক্ষণ করুন:
| প্রধান লেখক: | |
|---|---|
| বিন্যাস: | গ্রন্থ |
| ভাষা: | ইতালিয় |
| প্রকাশিত: |
Bolonia, Italia
Arnaldo Forni
1991
|
| বিষয়গুলি: | |
| ট্যাগগুলো: |
ট্যাগ যুক্ত করুন
কোনো ট্যাগ নেই, প্রথমজন হিসাবে ট্যাগ করুন!
|
MARC
| LEADER | 00000nam a2200000 a 4500 | ||
|---|---|---|---|
| 001 | UCX8967 | ||
| 003 | CL-VaPUC | ||
| 005 | 20220706122626.0 | ||
| 008 | 940509e19910000IT |||||||||||||||||ita|d | ||
| 999 | |c 228330 |d 228328 | ||
| 040 | |c Pontificia Universidad Católica de Valparaíso | ||
| 082 | 0 | 4 | |a 340.54 NAR 1991 |2 21 |
| 100 | |a Nardi, Enzo |e autore |9 297730 | ||
| 245 | 1 | 0 | |a Scritti minori. |
| 260 | 0 | 3 | |a Bolonia, Italia |b Arnaldo Forni |c 1991 |
| 300 | |a 2 volúmenes. | ||
| 583 | |a last modification |c 19940509 00:00:00 |k Rodrigo Vera | ||
| 650 | 0 | |a Aborto |9 256680 | |
| 650 | 0 | |a Derecho romano |9 255930 | |
| 942 | |c BK |2 ddc | ||
| 945 | |d 19940509 00:00:00 |a aalvarez | ||
| 952 | |0 0 |1 0 |2 ddc |4 0 |6 340_540000000000000_NAR_1991 |7 0 |8 DER_ROM |9 228282 |a BIBDER |b BIBDER |d 2019-11-15 |h v.1 |i 2973375 |o 340.54 NAR 1991 |p 2973375 |r 2023-01-25 |t 1 |w 2019-11-15 |x Ubicación 4to piso |y BK |z Este recurso debe solicitarse con anticipación |k DER | ||
| 952 | |0 0 |1 0 |4 0 |6 340_540000000000000_NAR_1991 |7 0 |8 DER_ROM |9 228283 |a BIBDER |b BIBDER |d 2019-11-15 |h v.2 |i 2973383 |o 340.54 NAR 1991 |p 2973383 |r 2023-01-25 |t 1 |w 2019-11-15 |x Ubicación 4to piso |y BK |z Este recurso debe solicitarse con anticipación |k DER | ||